000 005660000a22001810004500
003 MACL
005 20160409164012.0
008 160409b xxu||||| |||| 00| 0 eng d
040 _aMACL
_cMACL
041 _aHindi
082 _a530
100 _aशर्मा अशोक कुमार
_951240
245 _aध्‍वनियों का रहस्‍यमय संसार
260 _bविधार्थी प्रकाशन
_c1998
_aनई दिल्‍ली
350 _a100
650 _aPhysics
_951494
942 _cHIN
_k530
_2ddc
999 _c9658
_d9658